[Event "Platja d'Aro op 9th"]
[Site "Platja d'Aro"]
[Date "2022.12.30"]
[Round "8"]
[White "Garcia Pinero, Angel"]
[Black "Serra Sola, Jordi"]
[Result "1/2-1/2"]
[WhiteElo "1508"]
[BlackElo "1869"]
[PlyCount "99"]
[EventDate "2022.12.26"]
[EventType "swiss"]
[EventRounds "9"]
[EventCountry "ESP"]
[SourceTitle "CBM 211 Extra"]
[Source "ChessBase"]
[SourceDate "2023.01.31"]
[SourceVersion "1"]
[SourceVersionDate "2023.01.31"]
[SourceQuality "1"]

1. d4 d5 2. c4 c6 3. Nf3 Nf6 4. Nc3 e6 5. Bg5 Nbd7 6. e3 Qa5 7. Bxf6 Nxf6 8. Nd2 Bb4 9. Qc2 dxc4 10. Bxc4 Nd5 11. Nxd5 cxd5 12. Bd3 Bd7 13. Ke2 Rc8 14. Qd1 0-0 15. a3 Bd6 16. b4 Qd8 17. Nf3 Rc3 18. Qd2 Qc7 19. Rhc1 Rxc1 20. Rxc1 Qb6 21. h3 g6 22. Kf1 Rc8 23. Rxc8+ Bxc8 24. Qc2 Bd7 25. h4 Bb5 26. Ke1 Bxd3 27. Qxd3 a5 28. b5 Qc7 29. Kd2 Qe7 30. Qc3 Bxa3 31. Qc8+ Kg7 32. Ne5 Bd6 33. Qd7 Qxd7 34. Nxd7 Bc7 35. b6 Bd8 36. Kc3 f6 37. Kb3 Kf7 38. Ka4 Ke7 39. Nc5 Bxb6 40. Nxb7 e5 41. Kb5 Bc7 42. Nxa5 exd4 43. exd4 Bh2 44. f3 h5 45. Kc6 Bg3 46. Kxd5 Bxh4 47. Nc4 Bf2 48. Nd2 Be3 49. Ne4 f5 50. Nc5 1/2-1/2